000 00670nam a2200241Ia 4500
003 OSt
005 20220918184742.0
006 a|||||r|||| 00| 0
007 ta
008 220917b |||||||| |||| 00| 0 eng d
024 _a47,947
037 _cTextual
040 _aARTS
_cARTS
_beng
041 _2eng
_aeng
082 _aP0aS:682, L3
100 _aMiller George A ed
_966578
245 0 _aCommunication , language , and meaning psychological perspectives
260 _aNew York
_bBasic Books
_c1973
300 _axi,304p.
_ccm.
650 _aLINGUISTICS
942 _hP0aS:682, L3
_cTEXL
_2CC
999 _c177696
_d177696